UK Counties Per Letter Quiz Stats

 Plays Quiz Updated Sep 25, 2019

Score 0/19 Timer 04:00
7 Plays Today
Letter County % Correct
LLanarkshire, Lancashire, Leicestershire, Lincolnshire, London, Londonderry, Linlithgowshire
88.3%
SSelkirkshire, Shetland, Shropshire, Somerset, South Ayrshire, South Glamorgan, South Gloucestershire, South Humberside, South Lanarkshire, South Yorkshire, Staffordshire, Stirlingshire, Suffolk, Surrey, Sussex, Sutherland, Swansea
85.2%
DDenbighshire, Derbyshire, Devon, Dorset, Downshire, Dumfriesshire, Dunbartonshire, Dundee, Durham, Dyfed
84.3%
CCaernarfonshire, Caerphilly, Caithness, Cambridgeshire, Cardiff, Cardiganshire, Carmarthenshire, Ceredigion, Cheshire, Clackmannanshire, Cleveland, Clwyd, Conwy, Cornwall, Cromartyshire, Cumbria, Cumberland
83.4%
EEast Ayrshire, East Dunbartonshire, East Lothian, East Renfrewshire, East Riding of Yorkshire, East Suffolk, East Sussex, Edinburgh, Essex
77.7%
NNairnshire, Neath Port Talbot, Newport, Norfolk, North Ayrshire, North Humberside, North Lanarkshire, North Somerset, North Yorkshire, Northamptonshire, Northumberland, Nottinghamshire
76.8%
WWarwickshire, West Dunbartonshire, West Glamorgan, West Lothian, West Midlands, West Suffolk, West Sussex, West Yorkshire, Western Isles, Westmorland, Wigtownshire, Wiltshire, Worcestershire, Wrexham
76.1%
HHaddingtonshire, Hampshire, Herefordshire, Hertfordshire, Highland, Humberside, Huntingdonshire
75.5%
BBanffshire, Bedfordshire, Berkshire, Berwickshire, Blaenau Gwent, Borders, Brecknockshire, Bridgend, Bristol, Buckinghamshire, Buteshire
74.9%
GGlamorgan, Glasgow, Gloucestershire, Greater London, Greater Manchester, Gwynedd, Gwent
68.2%
Letter County % Correct
AAberdeenshire, Anglesey, Angus, Antrim, Argyll & Bute, Armagh, Ayrshire, Avon
64.4%
KKent, Kincardineshire, Kinross-shire, Kirkcudbrightshire
58.8%
MMerionethshire, Merseyside, Merthyr Tydfil, Mid Glamorgan, Middlesex, Midlothian, Monmouthshire, Montgomeryshire, Morayshire
57%
OOrkney, Oxfordshire
55.5%
RRadnorshire, Renfrewshire, Rhondda Cynon Taff, Ross-shire, Roxburghshire, Rutland
42.4%
TTorfaen, Tyne & Wear, Tyrone
39.5%
PPeeblesshire, Pembrokeshire, Perthshire, Powys
38%
IInverclyde, Isle of Ely, Isle of Scilly, Isle of Wight, Inverness-shire
37.4%
FFermanagh, Fife, Flintshire, Forfarshire
29.7%

You're not logged in!

Compare scores with friends on all Sporcle quizzes.
OR
Log In

Sporcle TV

Today on Sporcle TV


Watch our educational content, quiz creation guides, and fun videos on Sporcle TV.

Show Comments

Extras

Top Quizzes Today


Score Distribution

Your Account Isn't Verified!

In order to create a playlist on Sporcle, you need to verify the email address you used during registration. Go to your Sporcle Settings to finish the process.

Report this User

Report this user for behavior that violates our Community Guidelines.

Details: